000 00298nam a22001097a 4500
008 230703b xxu||||| |||| 00| 0 eng d
082 _25
_a342.
_bCRO 1974
245 _aPrinciples of Local Government Law
260 _aLondon
_bSweet and Maxwell Limited
_c1974
300 _aLXXVI,577p
942 _2ddc
_cBK
999 _c3516
_d3516